Statistics for Name these Americans

Click here to take the quiz!

General Stats

  • This quiz has been taken 865 times
  • The average score is 31 of 56

Answer Stats

Answer% Correct
Barack Obama
98%
Joe Biden
98%
Bill Clinton
97%
John F. Kennedy
97%
Martin Luther King
97%
Michael Jackson
97%
George Washington
93%
Rosa Parks
92%
Bill Gates
90%
Oprah Winfrey
88%
Louis Armstrong
86%
Prince
86%
Dolly Parton
83%
Colonel Sanders
75%
Malcolm X
75%
Adam Sandler
74%
Buzz Aldrin
74%
Lebron James
73%
Bernie Sanders
71%
Sarah Palin
71%
Bob Ross
68%
Mark Twain
68%
Ruth Bader Ginsburg
68%
Stephen King
68%
Emma Stone
64%
Mark Ruffalo
60%
Amelia Earhart
57%
Joaquin Phoenix
57%
Neil Patrick Harris
57%
Steve Harvey
57%
Harriet Tubman
56%
John Wayne
56%
Tim Allen
56%
Bill Nye
51%
Sitting Bull
48%
MrBeast
47%
Chadwick Boseman
46%
Henry Ford
44%
Andre Agassi
40%
Julia Child
40%
Kelsey Grammer
40%
Bonnie Parker
39%
Aaron Paul
34%
Blake Shelton
29%
Paul Giamatti
29%
Wiz Khalifa
24%
Hank Green
22%
Kamehameha I
22%
Tulsi Gabbard
18%
John Brown
15%
Matt Groening
14%
H. P. Lovecraft
13%
Butch Cassidy
12%
Jackson Pollock
9%
Pia Mia
3%
Arnold Palacios
1%

Score Distribution

Percentile by Number Answered

Percent of People with Each Score

Your Score History

You have not taken this quiz